Представление документа в формате MARC21

Поле Инд. ПП Название Значение
Тип записи a
Библиографический уровень b
001 Контрольный номер RU/IS/BASE/283881474
005 Дата корректировки 20220715140353.8
008 Кодируемые данные 20081229
040 b Код языка каталог. rus
e Правила каталог. PSBO
041 0_ a Код языка текста rus
084 a Индекс другой классификации/Индекс ББК 63.3(2)64-3
100 1_ a Автор Харламова Ю. В.
q Полное имя Харламова Юлия Владимировна
245 10 a Заглавие Взаимоотношения законодателньой и исполнительной ветвей власти в современной России (1993 - 2007 гг.)
504 a Библиография Библиогр. ссылки. - Примеч.
650 a Основная рубрика история
a Основная рубрика политика
653 a Ключевые слова XX век
a Ключевые слова властные отношения
a Ключевые слова Государственная дума
a Ключевые слова законодательная власть
a Ключевые слова исполнительная власть
a Ключевые слова парламент
a Ключевые слова Россия
773 t Заглавие источника Вестник Московского университета. Серия 18, Социология и политология
d Дата издания источника 2008
g Прочая информация № 1. - С. 190 - 194 : табл.
w Контрольный № источника RU/IS/BASE/279889919
901 t Тип документа b